000 00600nam a22001937a 4500
003 DO-SdBNP
005 20250116124442.0
007 ta
008 220113b2008 ||||| |||| 00| 0 spa d
040 _aDO-SdBNP
_bspa
_cBNPHU
082 _axxx
_bR789p
_222
100 1 _aRosario Candelier, Bruno,
_d1941-
_9851
245 _aLa pasión inmortal :
_bde la vivencia estética a la experiencia extática /
_cBruno Rosario Candelier
260 _aMoca, República Dominicana :
_bAteneo Insular,
_c2008
300 _a385 p. ;
_c23 cm
590 _aInventariado, 2022 / DG
910 _aD/G
942 _2ddc
_cLBS1
999 _c51155
_d51155